00665cam a22002057a 4500003000500000005001700005008004100022010001000063011001000073035001000083040000900093100002800102245007400130260010800204300001800312490003500330650002400365700003500389830003500424CHAP20220817042301.0971013s1985 r 00010 d a39566 a40538 a44664 cCHAP00aMontes Rivera, Roberto. 0aGuía para cultivar frijol de riego en el centro y sur de Guanajuato aCelaya, Gto. :bInstituto Nacional de Investigaciones Agrícolas. Campo Agrícola Experimental,c1985 a16 p.b: ilus 0aFolleto para productoresv; 1314aFrijolxGuanajuato.0 aArévalo Valenzuela, Alfredo.0 aFolleto para productoresv; 13